Introducción al simbolismo lógico
Saved in:
| Hovedforfatter: | |
|---|---|
| Format: | Bog |
| Sprog: | spansk |
| Udgivet: |
Buenos Aires
EUDEBA
1971
|
| Udgivelse: | 6a. ed |
| Fag: | |
| Tags: |
Tilføj Tag
Ingen Tags, Vær først til at tagge denne postø!
|
MARC
| LEADER | 00000nam a2200000 a 4500 | ||
|---|---|---|---|
| 001 | UCX5096 | ||
| 003 | CL-VaPUC | ||
| 008 | 920910e19710000AG |||||||||||||||||spa|d | ||
| 082 | 0 | 4 | |a 511.3 |b BOS |2 21 |
| 100 | 0 | |a Bosch, Jorge E |e author |9 321422 | |
| 245 | 1 | 0 | |a Introducción al simbolismo lógico |
| 250 | |a 6a. ed | ||
| 300 | |a 86 p | ||
| 942 | |c BK | ||
| 945 | |d 19920910 00:00:00 | ||
| 260 | |a Buenos Aires |b EUDEBA |c 1971 | ||
| 650 | 0 | |a Lógica matemática |9 262442 | |
| 583 | |a last modification |c 19920910 00:00:00 |k Rodrigo Vera | ||
| 999 | |c 225438 |d 225436 | ||
| 952 | |0 0 |1 0 |4 0 |6 511_300000000000000_BOS_1971 |7 0 |8 P |9 222941 |a BIBEDU |b BIBEDU |c BIBEDU_PB |d 2019-11-15 |i 291753K |o 511.3 BOS 1971 |p 291753K |r 2024-01-25 |w 2019-11-15 |y BK |k FIL | ||
| 952 | |0 0 |1 0 |4 0 |6 511_300000000000000_BOS_1971 |7 0 |8 P |9 222942 |a BIBEDU |b BIBEDU |c BIBEDU_PB |d 2019-11-15 |i 1586025 |o 511.3 BOS 1971 |p 1586025 |r 2024-01-25 |w 2019-11-15 |y BK |k FIL | ||
| 952 | |0 0 |1 0 |4 0 |6 511_300000000000000_BOS_1971 |7 0 |8 P |9 222943 |a BIBEDU |b BIBEDU |c BIBEDU_PB |d 2019-11-15 |i 1586033 |o 511.3 BOS 1971 |p 1586033 |r 2024-01-25 |w 2019-11-15 |y BK |k FIL | ||
| 952 | |0 0 |1 0 |4 0 |6 511_300000000000000_BOS_1971 |7 0 |8 A |9 222944 |a BIBMAT |b BIBMAT |d 2019-11-15 |i 1491881 |o 511.3 BOS 1971 |p 1491881 |r 2025-01-07 |w 2019-11-15 |y BK |k MAT | ||
| 952 | |0 0 |1 0 |4 0 |6 511_300000000000000_BOS_1971 |7 0 |8 A |9 222945 |a BIBMAT |b BIBMAT |d 2019-11-15 |i 1491830 |o 511.3 BOS 1971 |p 1491830 |r 2025-01-07 |w 2019-11-15 |y BK |k MAT | ||
| 952 | |0 0 |1 0 |4 0 |6 511_300000000000000_BOS_1971 |7 0 |8 A |9 222946 |a BIBMAT |b BIBMAT |d 2019-11-15 |i 1491334 |o 511.3 BOS 1971 |p 1491334 |r 2025-01-07 |w 2019-11-15 |y BK |k MAT | ||